World travel and tourism review

Αποθηκεύτηκε σε:
Λεπτομέρειες βιβλιογραφικής εγγραφής
Άλλοι συγγραφείς: Ritchie, J. R. Brent (Επιμελητής έκδοσης)
Μορφή: Βιβλίο
Γλώσσα:Greek
Δημοσίευση: Oxon, UK. : CABI, 1991-1993
Θέματα:
Ετικέτες: Προσθήκη ετικέτας
Δεν υπάρχουν, Καταχωρήστε ετικέτα πρώτοι!

MARC

LEADER 00000cam a2200000 i 4500
001 1/56346
008 040528s19911993 gre d
020 |a 0-85198-711-7 (τ.1) 
020 |a 0-85198-771-0 (τ.2) 
020 |a 0-85198-853-9 (τ.3) 
035 |l 10073586 
040 |a GR-MY-UA  |b gre  |e aacr 
041 0 |a gre 
082 0 |a 338.4791 
245 1 0 |a World travel and tourism review /  |c editors in chief Donald E. Hawkins and J. R. Brent Ritchie ; editors Frank Go and Douglas Frechtling 
260 |a Oxon, UK. :   |b CABI,   |c 1991-1993 
300 |a 3 τ. (τ.1:xi, 243 σ., τ.2: ix, 310 σ., τ.3: vi, 314 σ.);  |b πιν., διαγρ.;  |c 31 εκ. 
504 |a Περιλαμβάνει βιβλιογραφικές αναφορές και ευρετήριο 
505 0 |a τομ.1: indicators, trends and forecasts, τομ.2&3: indicators, trends and issues 
650 0 0 |a Tourism. 
650 0 0 |a Travel. 
700 1 |a Ritchie, J. R. Brent.  |4 edt 
740 0 2 |a Indicators, trends and forecasts 
740 0 2 |a Indicators, trends and issues 
852 |a INST  |b CHIOS  |e 20040528  |h 338.4791 WOR  |p 005200023149  |q 005200023149  |t BK  |y 0  |z τ.2 
852 |a INST  |b CHIOS  |e 20040528  |h 338.4791 WOR  |p 005200023154  |q 005200023154  |t BK  |y 0  |z τ.3 
852 |a INST  |b CHIOS  |e 20040528  |h 338.4791 WOR  |p 005200023156  |q 005200023156  |t BK  |y 0  |z τ.1 
852 |a INST  |b CHIOS  |e 20040528  |h 338.4791 WOR  |p 005200023149  |q 005200023149  |t BK  |v τ.2:  |y 0  |z τ.2 
852 |a INST  |b CHIOS  |e 20040528  |h 338.4791 WOR  |p 005200023154  |q 005200023154  |t BK  |v τ.3:  |y 0  |z τ.3 
852 |a INST  |b CHIOS  |e 20040528  |h 338.4791 WOR  |p 005200023156  |q 005200023156  |t BK  |v τ.1:  |y 0  |z τ.1 
853 |a INST  |b CHIOS  |h 338.4791 WOR 
901 |a BIBL2-2003-3 
909 |a Χ  |b 108840 
909 |a Χ  |b 108842 
909 |a Χ  |b 108847 
970 |a ΣΠΕΝΤΖΑ  |b ΕΛΕΝΗ  |z 2003/12/08